Statistiques concernant Tuons la bête - La Belle et la Bête [Paroles entières]

Cliquez ici pour prendre le quiz!

Statistiques générales

  • Ce quiz a été pris 75 fois
  • Le résultat moyen est 128 sur 230

Statistiques - réponses

XParoles% Correct
Tu
96%
bête
94%
la
94%
| VillageoisIl
92%
de
92%
De
92%
à
90%
| GastonA
90%
le
88%
Tuons
88%
Le
88%
le
88%
son
86%
Qui
86%
qui
86%
nuit
86%
Nous
82%
nous
82%
cette
82%
faut
80%
féroce
78%
appétit
78%
Se
78%
se
78%
et
76%
| GastonEt
76%
tuer
76%
viendra
75%
vos
75%
Au
75%
au
75%
moi
75%
ne
73%
pas
73%
Dévorer
73%
chez
73%
avec
73%
dans
71%
Dans
71%
qu'il
69%
armes
69%
l'enfant
69%
va
69%
Un
67%
Aux
67%
un
67%
aux
67%
sa
65%
Si
65%
une
65%
du
63%
guette
63%
château
63%
Tous
61%
village
61%
terrible
61%
Monstre
57%
prépare
57%
combat
57%
monstre
57%
chevauchée
55%
diable
53%
l'impossible
53%
horrible
53%
que
51%
fou
51%
partons
51%
vent
51%
crocs
49%
car
49%
Vit
47%
détruire
47%
nos
47%
tanière
45%
joue
45%
vacarme
45%
mort
43%
mystère
43%
ton
43%
y
39%
pluie
39%
frontières
39%
enfants
37%
âme
37%
fièvre
37%
montagne
35%
carnage
35%
des
33%
sanguinaire
33%
C'est
31%
VillageoisGaston
31%
qu'une
29%
sur
29%
rage
29%
aussi
27%
perdras
27%
flèches
27%
pieux
27%
femmes
25%
sommes
25%
infâme
25%
Sans
25%
fureur
24%
légende
24%
haut
22%
temps
22%
guide
20%
chemin
20%
butor
20%
rouge
20%
montrer
20%
répit
18%
Sous
18%
Oui
18%
presse
18%
pour
16%
marchons
16%
Ombre
16%
sûrs
16%
bataille
16%
oriflammes
14%
vaincrons
14%
Dieu
12%
VillageoisEnfourchez
12%
montures
12%
saura
12%
brandissez
12%
traquons-le
12%
Prions
12%
Compagnons
12%
têtes
12%
lèvres
12%
chanson
12%
danger
10%
la bête
10%
X6Tuons la bête
10%
Malgré
10%
centaure
10%
inquiète
10%
bannières
8%
effraie
8%
chose
8%
blason
8%
mystérieuse
8%
javelot
8%
VillageoisL'inconnu
8%
terrorise
6%
l'imprévu
6%
Taïaut
6%
Sauvez
4%
d'enfer
4%
pèse
2%
l'emêchons
0%

Distribution des résultats

Percentile par nombre de réponses

% des personnes avec chaque résultat

Votre développement - résultats

Vous n’avez pas pris ce quiz